Informe del SITRACOAGS

Salvato in:
Dettagli Bibliografici
Ente Autore: Sindicato de Trabajadores de la Compañía Agrícola y Ganadera de Sula (Honduras)
Natura: testo
Pubblicazione: San José: CEDAL
Tags: Aggiungi Tag
Nessun Tag, puoi essere il primo ad aggiungerne!!

MARC

LEADER 00000 a a2200000 04500
001 18700
003
040 |a CRAI/IIS  |c CRAI/IIS 
090 |a 010200  
110 |a Sindicato de Trabajadores de la Compañía Agrícola y Ganadera de Sula (Honduras)  
245 |a Informe del SITRACOAGS  
260 |a San José:   |b CEDAL  
300 |a 4 p.  
999 |c 17053  |d 17053